Reglamento del Registro Público de la Propiedad del Estado de Jalisco /

שמור ב:
מידע ביבליוגרפי
מחבר תאגידי: Jalisco
פורמט: ספר
שפה:ספרדית
יצא לאור: Guadalajara, México : Congreso del Estado de Jalisco, hacia 1980
נושאים:
תגים: הוספת תג
אין תגיות, היה/י הראשונ/ה לתייג את הרשומה!

MARC

LEADER 00000nam^a2200000^a^4500
001 000048904
005 20250521000000.0
009 20260310090143.947
037 |a Acervo ITESO - Biblioteca 
041 |a ESP 
082 |a 346. 44  |b JAL 
110 |a Jalisco 
245 1 0 |a Reglamento del Registro Público de la Propiedad del Estado de Jalisco / 
264 1 |a Guadalajara, México :  |b Congreso del Estado de Jalisco,  |c hacia 1980 
300 |a 36 p. 
336 |a texto  |b txt  |2 rdacontenido 
337 |a sin mediación  |b n  |2 rdamedio 
338 |a volumen  |b nc  |2 rdasoporte 
649 |a XX 
650 |a Registro Público de la Propiedad -  |z Jalisco -  |x Leyes y Reglamentos -  |x Tema Principal 
650 |a Registro Público de la Propiedad -  |z México -  |x Leyes y Reglamentos 
650 |a Derecho Civil -  |z Jalisco -  |x Leyes y Reglamentos 
650 |a Derecho Civil -  |z México -  |x Leyes y Reglamentos 
650 |a Derecho Privado -  |z Jalisco -  |x Leyes y Reglamentos 
650 |a Derecho Privado -  |z México -  |x Leyes y Reglamentos 
650 |a Jalisco -  |x Leyes y Reglamentos 
650 |a México -  |x Leyes y Reglamentos 
910 |a Fondo General 
920 |a Impresos - Libros 
930 |a Colección General 
905 |a 101 
901 |a 0500004748  |b IT1  |c ACC  |u 20250521 
902 |a https://opac.biblio.iteso.mx/vufind/Record/000048904